000 01231nam a22002057a 4500
999 _c62419
_d62419
003 Ge_BSU
005 20241029113306.0
008 241029s1938 ge ||||| |||| 00| 0 geo d
041 _ageo
080 _a615(075.8) ს-59
100 _aსკვორცოვი, ვ.ი.
_923539
245 _aფარმაკოლოგიის კურსი.
_b წ. 1 /
_cვ.ი. სკვორცოვი ; მთარგმნ. და წინასიტყვ. ავტ. გ. ა. ცქიმანაური.
250 _aმე-6 შევსებული და შესწორებული გამოცემა.
264 _aთბილისი :
_bსაქბიომედგამომცემლობა და სტ.,
_c1938.
300 _a640 გვ. :
_b ილ., 2 ჩ. ფურც.
_c22 სმ.
653 _aფარმაკოლოგიის სახელმძღვანელოები უმაღლესი სასწავლებლებისათვის.
653 _aმედიცინა
700 _aცქიმანაური, გ.ა.
_eმთარგმნ. და წინასიტყვ. ავტორი
_923540
942 _2udc
_cBK